000 00735nam a2200229Ia 4500
001 9188
003 GE_BSU
008 181216s||||||||xx |||||||||||||| ||und||
040 _cGE_BSU
080 _a821.353.1–31
100 _aლორთქიფანიძე,კონსტანტინე
245 _aნატვრის თვალი
245 _bრომანი
245 _cრედ. ვ. ძიძიგური,მხატვ.ო.ქანდარია
260 _aთბილისი
260 _bმერანი
260 _c1986
300 _a430გვ.1ფ.პორტრ.21სმ.
653 _aნატვრის თვალი
653 _aრომანი
942 _cBK
999 _c42491
_d42491